00337nam a2200109Ia 4500008004100000082000800041100001900049245004100068942000600109952009700115999001500212240331s9999 xx 000 0 und d bVAL aValarmathi,M.M 0aSuyamariyathai iyakka veeranganaigal cL 001040708LaWERCLbWERCLcSSCd2024-03-31l0o 305.4 VALp6253r2024-03-31w2024-03-31yL c4751d4751